000
00295nam a22001337a 4500
008
171103b xxu||||| |||| 00| 0 eng d
020
_a
0471830526
041
_a
eng
080
_2
3RD
_a
339.138
100
_a
60
101
_a
MAR
245
_a
MARKETING MISTAKES
_c
HARTLEY,R.F
942
_2
udc
_c
BK
999
_c
37467
_d
37467